Les vainqueurs de l'Euro passés par la Ligue 1 - Statistiques

Statistiques générales
  • Ce quiz a été pris 162 fois
  • Le résultat moyen est 23 sur 76
Statistiques - réponses
Euro Clubs de Ligue 1 Joueur % Correct
France 2000 Cannes Patrick Vieira
96%
Espagne 2024 PSG Fabian Ruiz
94%
Italie 2021 PSG Marco Verratti
93%
Italie 2021 PSG Gianluigi Donnarumma
90%
France 2000 Cannes, Bordeaux Zinédine Zidane
68%
Portugal 2016 LOSC Eder
65%
Portugal 2016 LOSC, PSG Renato Sanches
62%
Portugal 2016 AS Monaco Adrien Silva
60%
France 2000 AS Monaco Thierry Henry
60%
France 2000 AS Monaco, TFC, OM, Nantes Fabien Barthez
59%
France 2000 Nantes, OM, Bordeaux Didier Deschamps
58%
France 2000 Montpellier, Nîmes, ASSE, AJA Laurent Blanc
58%
France 2000 Bordeaux, OM Bixente Lizarazu
56%
France 2000 AS Monaco David Trezeguet
55%
France 2000 Nantes, OM Marcel Desailly
54%
Espagne 2008, 2012 PSG Sergio Ramos
52%
Italie 2021 PSG Alessandro Florenzi
50%
Portugal 2016 LOSC José Fonte
50%
France 1984 Nancy, ASSE Michel Platini
50%
France 2000 OM, Metz Robert Pires
50%
Espagne 2008, 2012 AS Monaco Cesc Fàbregas
49%
Portugal 2016 AS Monaco João Moutinho
49%
France 2000 AS Monaco Lilian Thuram
49%
Portugal 2016 Lorient Raphaël Guerreiro
49%
France 2000 Bordeaux, Rennes, OL, OM Sylvain Wiltord
47%
Portugal 2016 OL Anthony Lopez
46%
France 2000 Bordeaux, OM Christophe Dugarry
45%
France 2000 AS Monaco Emmanuel Petit
44%
France 2000 PSG, LOSC, Metz, Brest, Lens, Rennes Bernard Lama
43%
France 2000 AS Monaco, PSG Youri Djorkaeff
42%
France 2000 Laval, Strasbourg, OM Frank Leboeuf
41%
France 2000 PSG Nicolas Anelka
39%
Portugal 2016 PSG Danilo Pereira
36%
France 2000 Nantes, Bastia Christian Karembeu
35%
France 2000 TFC, Guinguamp Vincent Candela
28%
Portugal 2016 AS Monaco Ricardo Carvalho
27%
Portugal 2016 LOSC André Gomes
26%
France 1984 Bordeaux, OL, OM Jean Tigana
26%
France 1984 Bordeaux, OM Alain Giresse
25%
France 1984 PSG, Racing Paris, Cannes Luis Fernandez
24%
Italie 2021 PSG, Nice Salvatore Sirigu
24%
France 2000 Bordeaux Johan Micoud
21%
Allemagne 1996 AS Monaco Jürgen Klinsmann
18%
France 2000 Bordeaux Ulrich Ramé
18%
France 1984 PSG, ASSE, TFC Dominique Rocheteau
17%
France 1984 AJA, Sochaux, PSG Joël Bats
17%
Grèce 2004 Arles-Avignon Ángelos Charistéas
16%
France 1984 Bordeaux, Metz, ASSE, AS Monaco Patrick Battiston
16%
France 1984 AS Monaco, OM, OL Manuel Amoros
14%
France 1984 Bordeaux, OL, ASSE Bernard Lacombe
12%
France 1984 Mulhouse, Valenciennes, Lens, OM, Strasbourg, Metz Didier Six
11%
France 1984 Nantes, Racing Paris Maxime Bossis
11%
Allemagne 1996 OM Andreas Köpke
8%
France 1984 AS Monaco, Sochaux, ASSE, OM, Bordeaux Bernard Genghini
8%
Allemagne 1996 AS Monaco Oliver Bierhoff
8%
France 1984 AS Monaco, Nice, PSG, OL, OM Daniel Bravo
6%
France 1984 AS Monaco, Cannes, Montpellier Bruno Bellone
5%
France 1984 TFC, Bordeaux, LOSC, OL, OM, Caen Jean-François Domergue
5%
France 1984 Sochaux, Montpellier Albert Rust
4%
Grèce 2004 Arles-Avignon Ángelos Basinás
4%
France 1984 AJA, Bordeaux, OM, Martigues Jean-Marc Ferreri
4%
RFA 1980 OM, Bordeaux Klaus Allofs
4%
Grèce 2004 Bordeaux Michális Kapsís
4%
France 1984 Bordeaux, Nantes, Racing Paris Thierry Tusseau
4%
RFA 1980 OM Karl-Heinz Förster
3%
France 1984 TFC, Bordeaux, LOSC Philippe Bergeroo
3%
France 1984 AS Monaco, Brest, Nantes, OM, PSG Yvon Le Roux
3%
Danemark 1992 AS Monaco John Sivebæk
1%
Danemark 1992 LOSC Kim Vilfort
1%
RFA 1980 Bordeaux, Mulhouse Manfred Kaltz
1%
Danemark 1992 OL Torben Frank
1%
Pays-Bas 1988 Bordeaux Wim Kieft
1%
RFA 1980 Bordeaux Caspar Memering
0%
Pays-Bas 1988 Cannes Gerald Vanenburg
0%
Danemark 1992 Nantes Johnny Mølby
0%
Pays-Bas 1988 Montpellier Wilbert Suvrijn
0%
Aucun quiz correspondant
Distribution des résultats
% des personnes avec chaque résultat
Percentile par nombre de réponses
Votre historique - résultats
Vous n’avez pas pris ce quiz